guess the twenty one pilots song #2 - Statistics

General Stats
  • This quiz has been taken 28 times
  • The average score is 134 of 272
Answer Stats
Answer % Correct
I
100%
A
89%
the
78%
You
72%
and
61%
Be
61%
be
61%
me
61%
We
61%
we
61%
will
61%
can
56%
it
56%
my
56%
Where
56%
are
50%
in
50%
when
50%
don't
44%
go
44%
no
44%
one
44%
Our
44%
our
44%
there's
44%
To
44%
to
44%
All
39%
at
39%
dark
39%
from
39%
head
39%
home
39%
hometown's
39%
its
39%
know
39%
let
39%
make
39%
quietly
39%
shadow
39%
show
39%
soul
39%
sun
39%
take
39%
tilts
39%
waiting
39%
we're
39%
wind
39%
your
39%
Your
39%
away
33%
say
33%
Spirits
33%
was
33%
believe
28%
bones
28%
bring
28%
fire
28%
Put
28%
put
28%
what
28%
back
22%
find
22%
How
22%
once
22%
power
22%
today
22%
father
17%
gods
17%
grow
17%
traditions
17%
undone
17%
served
11%
No matching quizzes found
Score Distribution
Percent of People with Each Score
Percentile by Number Answered
Your Score History
You have not taken this quiz